书目信息 |
| 书名: | The Trouble with Marriage | |
| 作者: | Debby Holt | |
| 分册号: | ||
| 分册名: | 出版地: | LONDON |
|
| 出版社: | Pocket Books | |
| 出版时间: | 2008 | |
| 页数: | 343P | |
| 开本: | 23CM | |
| 丛书名: | ||
| 中图分类号: | ||
| 科图分类号: | ||
| 其他分类号: | I561.4 | |
| 主题词: | ||
| 电子资源: | ||
| 000 | 00388nam0 2200145 450 | |
| 001 | 202012002494 | |
| 005 | 20121128100836.0 | |
| 008 | 12112801s | |
| 020 | @a9781416526766@c$6.99 | |
| 099 | @dI561.4@eD2864 | |
| 245 | 10 | @aThe Trouble with Marriage@cDebby Holt |
| 260 | 0 | @aLONDON@bPocket Books @c2008 |
| 300 | @a343P@c23CM | |
| 905 | @b13049-50 | |
| 905 | @aTSG@dI561.4@eD2864 | |
| The Trouble with Marriage / Debby Holt .-LONDON : Pocket Books , 2008 |
| 343P ; 23CM |
| ISBN 9781416526766$6.99 |
| ● |
| 相关链接 |
|
|
|
正题名:The Trouble with Marriage
索取号:I561.4/D2864
 
预约/预借
| 序号 | 登录号 | 条形码 | 馆藏地/架位号 | 状态 | 备注 |
| 1 | 13049 | 300130490 | 文学库116/400A自科库 16排1列5层/ [索取号:I561.4/D2864] | 在馆 | |
| 2 | 13050 | 300130506 | 文学库116/400A自科库 16排1列5层/ [索取号:I561.4/D2864] | 在馆 |